ACC College Football Teams - NO HINTS - Statistics

General Stats
  • This quiz has been taken 159 times
  • The average score is 13 of 17
Answer Stats
Team % Correct
North Carolina
89%
Virginia
89%
Duke
87%
Miami
83%
Virginia Tech
83%
Boston College
81%
Clemson
81%
Florida State
80%
California
76%
Georgia Tech
76%
NC State
74%
Louisville
72%
Syracuse
72%
Wake Forest
72%
Stanford
70%
SMU
69%
Pittsburgh
67%
No matching quizzes found
Score Distribution
Percent of People with Each Score
Percentile by Number Answered
Your Score History
You have not taken this quiz